Functional analysis of HbMlo12 in powdery mildew infection and stress response in the rubber tree Hevea brasiliensis Muell Arg (Record no. 59623)

MARC details
000 -LEADER
fixed length control field 00795nam a2200193Ia 4500
100 ## - MAIN ENTRY--AUTHOR NAME
Personal name Zhang Yu
245 #0 - TITLE STATEMENT
Title Functional analysis of HbMlo12 in powdery mildew infection and stress response in the rubber tree Hevea brasiliensis Muell Arg
260 ## - PUBLICATION, DISTRIBUTION, ETC. (IMPRINT)
Name of publisher Sustainability of the NR Industry: Issues, Challenges & Opportunities: International Rubber Conference, 21-22 November 2016, Cambodian Rubber Research Institute (CRRI) and International Rubber Research and Development Board (IRRDB), Siem Reap, Cambodia, pp.310-326.
650 ## - SUBJECT ADDED ENTRY--TOPICAL TERM
Topical Term HbMlo12
650 ## - SUBJECT ADDED ENTRY--TOPICAL TERM
Topical Term Hevea brasiliensis
650 ## - SUBJECT ADDED ENTRY--TOPICAL TERM
Topical Term Phytohormone
650 ## - SUBJECT ADDED ENTRY--TOPICAL TERM
Topical Term Powdery mildew
650 ## - SUBJECT ADDED ENTRY--TOPICAL TERM
Topical Term Stress
700 ## - ADDED ENTRY--PERSONAL NAME
Personal name He Hai-xia
700 ## - ADDED ENTRY--PERSONAL NAME
Personal name Qin Bi
700 ## - ADDED ENTRY--PERSONAL NAME
Personal name Wang Meng
942 ## - ADDED ENTRY ELEMENTS (KOHA)
Koha item type Journals
Holdings
Withdrawn status Lost status Damaged status Not for loan Home library Current library Shelving location Date acquired Koha item type
      Journals RRII Library RRII Library Pathology 01/01/2021 Journals